| 000 | 00575nam a2200205Ia 4500 | ||
|---|---|---|---|
| 008 | 220216s9999 xx 000 0 und d | ||
| 100 | _aGonzalez L | ||
| 245 | 2 | _aA new interpretation of the crosslinking mechanism of NR with dicumyl peroxide | |
| 260 |
_bKautschuk Gummi Kunststoffe _c1998 |
||
| 300 | _a83-87 | ||
| 650 | _aCrosslinking mechanism | ||
| 650 | _aDicumyl peroxide | ||
| 650 | _aMechanical properties | ||
| 650 | _aNatural rubber | ||
| 650 | _aNetwork structure | ||
| 700 | _aChamorro C | ||
| 700 | _aMarcos A | ||
| 700 | _aRodrigez A | ||
| 942 | _cJS | ||
| 999 |
_c53433 _d53433 |
||